Poľnohospodárstvo za slovenského štátu
Salvato in:
| Autore principale: | |
|---|---|
| Natura: | Libro |
| Lingua: | slovacco |
| Pubblicazione: |
Bratislava
Slovenské vydavateľstvo politickej literatúry
1958
|
| Soggetti: | |
| Tags: |
Nessun Tag, puoi essere il primo ad aggiungerne!!
|
MARC
| LEADER | 00000nam a2200000 4500 | ||
|---|---|---|---|
| 001 | c100610 | ||
| 005 | 20221123135656.6 | ||
| 041 | 0 | |a slo | |
| 044 | |a SK | ||
| 245 | 1 | 0 | |a Poľnohospodárstvo za slovenského štátu |c Vlastislav Bauch |
| 264 | 1 | |a Bratislava |b Slovenské vydavateľstvo politickej literatúry |c 1958 | |
| 300 | |a 181 s. | ||
| 610 | 2 | 0 | |a poľnohospodárstvo |
| 610 | 2 | 0 | |a výroba rastlinná |
| 610 | 2 | 0 | |a výroba živočíšna |
| 610 | 2 | 0 | |a dejiny hospodárske |
| 610 | 2 | 0 | |a reformy poľnohospodárske |
| 610 | 2 | 0 | |a skupiny sociálne |
| 610 | 2 | 0 | |a triedy spoločenské |
| 610 | 2 | 0 | |a 1939-1945 |
| 610 | 2 | 0 | |a Slovensko |
| 100 | 1 | |a Bauch, Vlastislav | |